00908am a2200313a 4450000500170000000800410001704100080005808200170006610000260008324500340010926000410014330000180018465000390020265000230024165000260026465000260029065000180031665000220033465000280035665000320038465000220041665000200043865000150045865000200047365000190049394200070051299900150051995200600053420230627165925.0150512b2002 xxu||||| |||| 00| 0 spa d aESP a005.13 R727p aRogers, Justin981513 aProgramación en JScript.net aEspañabPearson Educación c2002 a360 páginas aLENGUAJES DE PROGRAMACIÓN981514 aJSCRIPT.NET981515 aORGANIZACIÓN981516 aTIPOS DE DATOS981517 aARRAYS981518 aOPERADORES981519 aCONTROL DE FLUJO981520 aCREACIÓN DE CLASES981521 aINTERFACES981522 aARCHIVOS981523 aXML981524 aINTERNET981525 aASP.NET981526 cBK c5370d5370 104070aBACBbBACBo005.13 R727pp9339w2017-02-07yBK